|
|
|
|
| LEADER |
00000nam0a2200000 4500 |
| 001 |
31550 |
| 005 |
20241113112846.0 |
| 010 |
|
|
|a 5898260463
|
| 035 |
|
|
|a (RuTPU)RU\TPU\book\31828
|
| 035 |
|
|
|a BOOK00000036
|
| 090 |
|
|
|a 31550
|
| 100 |
|
|
|a 20011209d2000 m y0rusy50 ca
|
| 101 |
0 |
|
|a rus
|
| 102 |
|
|
|a RU
|
| 105 |
|
|
|a a z 001zy
|
| 200 |
1 |
|
|a Основы некоммерческого маркетинга для политических партий, властных структур, некоммерческих организаций, физических лиц
|f С. Н. Андреев, Л. Н. Мельниченко
|
| 210 |
|
|
|a Москва
|c Прогресс-Традиция
|d 2000
|
| 215 |
|
|
|a 256 с.
|c ил.
|
| 320 |
|
|
|a Библиогр.: с. 253-254.
|
| 606 |
1 |
|
|a Непроизводственная сфера
|x Экономика
|2 stltpush
|3 (RuTPU)RU\TPU\subj\36505
|9 57859
|
| 606 |
1 |
|
|a Маркетинг
|9 60857
|
| 610 |
1 |
|
|a экономика
|
| 610 |
1 |
|
|a некоммерческий маркетинг
|
| 610 |
1 |
|
|a общественные потребности
|
| 610 |
1 |
|
|a некоммерческая сфера
|
| 610 |
1 |
|
|a маркетинговое управление
|
| 610 |
1 |
|
|a сегментирование
|
| 610 |
1 |
|
|a некоммерческие продукты
|
| 610 |
1 |
|
|a позиционирование
|
| 686 |
|
|
|a У9(2)49
|2 rubbk
|
| 686 |
|
|
|a У9(2)212.4
|2 rubbk
|
| 700 |
|
1 |
|a Андреев
|b С. Н.
|g Сергей Николаевич
|
| 701 |
|
1 |
|a Мельниченко
|b Л. Н.
|g Леся Николаевна
|
| 801 |
|
0 |
|a RU
|b 63413507
|c 20011209
|g PSBO
|
| 801 |
|
2 |
|a RU
|b 63413507
|c 20211214
|g PSBO
|
| 942 |
|
|
|c BK
|